[Event "65. BEM 2011"]
[Site "Dortmund"]
[Date "2011.02.21"]
[Round "7.22"]
[White "Rabe, Mark"]
[Black "Wangrin, Stefan A"]
[Result "0-1"]
[WhiteElo "998"]
[BlackElo "1157"]
[PlyCount "110"]
[EventDate "2011.??.??"]
[Source "SG Dortmund"]
[SourceDate "2004.12.16"]

1. Nf3 c5 2. e3 Nc6 3. b3 e6 4. Bb2 Nf6 5. d4 d5 6. Ba3 a6 7. Be2 Bd6 8. dxc5
Bxc5 9. O-O Bxa3 10. Nxa3 Ne4 11. Nb1 Qf6 12. Nd4 Na7 13. Qe1 O-O 14. f3 Nd6
15. Bd3 e5 16. Ne2 Bf5 17. e4 Be6 18. Nd2 Qd8 19. Qg3 Qb6+ 20. Kh1 Nc6 21. Qh4
Qd8 22. Qg3 Ne8 23. Rad1 Nf6 24. Qf2 Nb4 25. Ng3 Nxd3 26. cxd3 d4 27. h4 Qa5
28. h5 h6 29. Qe2 Qxa2 30. Rb1 Qa5 31. f4 Bg4 32. Qf2 Bxh5 33. Nxh5 Nxh5 34. f5
f6 35. g3 Qc3 36. Qf3 Qxd2 37. Qxh5 Qxd3 38. Qg4 Rac8 39. Rfd1 Qc3 40. Rdc1 Qe3
41. Re1 Qd2 42. Red1 Qb4 43. Kh2 Rc2+ 44. Kh3 Qb5 45. Rdc1 Rfc8 46. Rxc2 Rxc2
47. Qd1 Qe2 48. Qxe2 Rxe2 49. Kg4 Rxe4+ 50. Kf3 Re3+ 51. Kg4 e4 52. b4 d3 53.
Rc1 d2 54. Rc8+ Kh7 55. Rd8 Rd3 0-1

[Event "65. BEM 2011"]
[Site "Dortmund"]
[Date "2011.02.21"]
[Round "7.23"]
[White "Da Costa, Pablo"]
[Black "Reker, Gerhard"]
[Result "1-0"]
[WhiteElo "1083"]
[BlackElo "724"]
[PlyCount "123"]
[EventDate "2011.??.??"]
[Source "SG Dortmund"]
[SourceDate "2004.12.16"]

1. e4 e5 2. Nf3 Nc6 3. Bc4 Nf6 4. Nc3 Bb4 5. d3 Bxc3+ 6. bxc3 O-O 7. O-O d6 8.
Re1 a6 9. d4 b5 10. Bb3 Na5 11. dxe5 Nxb3 12. cxb3 dxe5 13. Qxd8 Rxd8 14. Nxe5
Be6 15. Bb2 Rd2 16. Rab1 Rd6 17. f3 Rad8 18. c4 b4 19. c5 Rd2 20. Nc6 R8d7 21.
Nxb4 a5 22. c6 R7d6 23. Be5 axb4 24. Bxd6 Rxd6 25. e5 Rxc6 26. exf6 gxf6 27.
Re4 Bf5 28. Re8+ Kg7 29. Rd1 Rc2 30. Rd5 Rc1+ 31. Kf2 Bb1 32. Re2 Rc3 33. Rb5
Bd3 34. Rxb4 Bxe2 35. Kxe2 Rc2+ 36. Kf1 Rxa2 37. Rc4 Ra1+ 38. Kf2 Ra2+ 39. Kg3
Rb2 40. Rc3 Kg6 41. f4 f5 42. h4 h5 43. Kf3 f6 44. g3 c5 45. Ke3 Rb1 46. Kd3
Rg1 47. Kc4 Kf7 48. Kxc5 Ke6 49. b4 Rd1 50. b5 Rd5+ 51. Kb4 Rd4+ 52. Rc4 Rd3
53. Rc3 Rd4+ 54. Kc5 Rd5+ 55. Kb6 Rd6+ 56. Rc6 Kd7 57. Rxd6+ Kxd6 58. Kb7 Kc5
59. b6 Kb5 60. Kc7 Ka6 61. b7 Ka7 62. b8=Q+ 1-0

[Event "65. BEM 2011"]
[Site "Dortmund"]
[Date "2011.02.21"]
[Round "7.24"]
[White "Wilkins, Petra"]
[Black "Riepe, Markus"]
[Result "0-1"]
[WhiteElo "778"]
[BlackElo "839"]
[PlyCount "104"]
[EventDate "2011.??.??"]
[Source "SG Dortmund"]
[SourceDate "2004.12.16"]

1. d4 Nf6 2. e3 d5 3. c4 Nc6 4. Nf3 e6 5. Be2 Bb4+ 6. Nc3 Ne4 7. O-O Nxc3 8.
bxc3 Bxc3 9. Rb1 Qd6 10. c5 Qe7 11. Bd2 Bxd2 12. Qxd2 b6 13. Bb5 Bd7 14. cxb6
axb6 15. Rfc1 Na7 16. Bxd7+ Qxd7 17. Ne5 Qd6 18. Qc2 Rc8 19. Qa4+ Ke7 20. Qxa7
f6 21. Nc6+ Kd7 22. Qa4 Rcg8 23. Nb4+ Ke7 24. Rc6 Ra8 25. Na6 Qd8 26. Qb4+ Kf7
27. Rxc7+ Kg6 28. Qxb6 Rxa6 29. Qb7 Rxa2 30. Rxg7+ Kh6 31. g3 Qa5 32. Rf1 Ra1
33. Qf7 Rxf1+ 34. Kxf1 Qd8 35. Rg4 Qf8 36. Qxe6 Kh5 37. Qf5+ Kh6 38. Qh5+ Kxh5
39. Rh4+ Kg5 40. e4 Qa8 41. f4+ Kg6 42. f5+ Kf7 43. e5 h5 44. g4 hxg4 45. Rxg4
Rxh2 46. e6+ Kf8 47. Kg1 Rb2 48. Rg2 Rb1+ 49. Kh2 Ke7 50. Rg7+ Kd6 51. Rd7+ Kc6
52. Rg7 Qh8+ 0-1

[Event "65. BEM 2011"]
[Site "Dortmund"]
[Date "2011.02.22"]
[Round "8.1"]
[White "Kohlweyer, Bernd"]
[Black "Büchle, Manfred"]
[Result "1-0"]
[WhiteElo "2459"]
[BlackElo "1853"]
[PlyCount "57"]
[EventDate "2011.??.??"]
[Source "SG Dortmund"]
[SourceDate "2004.12.16"]

1. d4 d5 2. c4 e6 3. Nc3 Nf6 4. cxd5 exd5 5. Bg5 Be7 6. e3 O-O 7. Bd3 c6 8. Qc2
h6 9. Bh4 Re8 10. Nge2 Ne4 11. Bxe7 Qxe7 12. Bxe4 dxe4 13. Ng3 f5 14. O-O Be6
15. f3 exf3 16. Rxf3 g6 17. e4 fxe4 18. Ncxe4 Nd7 19. Nd6 Nf8 20. Nxe8 Rxe8 21.
Qc5 Bd5 22. Rf2 b6 23. Qxe7 Rxe7 24. Ne2 Re4 25. Rd1 Ne6 26. Nc3 Rxd4 27. Rxd4
Nxd4 28. Nxd5 cxd5 29. Rd2 1-0

[Event "65. BEM 2011"]
[Site "Dortmund"]
[Date "2011.02.22"]
[Round "8.2"]
[White "Brockmann, Michael"]
[Black "Zelt, Jens"]
[Result "1-0"]
[WhiteElo "2062"]
[BlackElo "2013"]
[PlyCount "77"]
[EventDate "2011.??.??"]
[Source "SG Dortmund"]
[SourceDate "2004.12.16"]

1. d4 d6 2. e4 Nd7 3. f4 c5 4. d5 g6 5. Nf3 Bg7 6. Nc3 a6 7. a4 b6 8. Bc4 Nh6
9. O-O O-O 10. Qe2 Re8 11. Bd2 Nf8 12. Rad1 Ra7 13. Bc1 Kh8 14. h3 e6 15. Qd3
exd5 16. Nxd5 f5 17. e5 dxe5 18. fxe5 Be6 19. Bg5 Qb8 20. Nf6 Rc8 21. Bxa6 c4
22. Qe3 Rxa6 23. Bxh6 b5 24. Bxg7+ Kxg7 25. axb5 Qxb5 26. Nd4 Qc5 27. Kh1 Ra7
28. Rde1 c3 29. b4 Qe7 30. Rf4 Rb7 31. Rh4 Kh8 32. b5 Bg8 33. Qg5 Qd8 34. e6
Rc4 35. Nxh7 Nxe6 36. Nf8+ Rh7 37. Nxg6+ Kg7 38. Nxe6+ Bxe6 39. Rxh7+ 1-0

[Event "65. BEM 2011"]
[Site "Dortmund"]
[Date "2011.02.22"]
[Round "8.3"]
[White "Benke, Werner"]
[Black "Kropp, Andreas"]
[Result "0-1"]
[WhiteElo "1543"]
[BlackElo "1951"]
[PlyCount "82"]
[EventDate "2011.??.??"]
[Source "SG Dortmund"]
[SourceDate "2004.12.16"]

1. d4 Nf6 2. Nf3 d6 3. c4 g6 4. g3 Bg7 5. Bg2 O-O 6. O-O Nc6 7. Nc3 a6 8. b3
Rb8 9. Bb2 b5 10. cxb5 axb5 11. e3 Bd7 12. Qd2 e6 13. Rac1 Ne7 14. Ng5 Ned5 15.
Nxd5 Nxd5 16. Nf3 f5 17. Rfe1 Ra8 18. a3 Ra6 19. Bf1 Ra7 20. Qc2 Qe7 21. Nd2 h5
22. h4 g5 23. hxg5 Qxg5 24. Nf3 Qe7 25. Nh4 Qf7 26. Be2 Bf6 27. Ng2 Kg7 28. e4
fxe4 29. Qxe4 Bg5 30. f4 Bf6 31. Qf3 Rh8 32. Rc2 Raa8 33. Kf2 Kf8 34. Rh1 Qg7
35. Rd2 Bc6 36. Rh2 Ke7 37. Qd3 Rag8 38. Rxh5 Rxh5 39. Bxh5 Qh6 40. Bf3 Qh2 41.
Bxd5 Bxd5 0-1

[Event "65. BEM 2011"]
[Site "Dortmund"]
[Date "2011.02.22"]
[Round "8.4"]
[White "Hellwig, Thomas"]
[Black "Begna, Bozidar"]
[Result "0-1"]
[WhiteElo "1886"]
[BlackElo "1932"]
[PlyCount "113"]
[EventDate "2011.??.??"]
[Source "SG Dortmund"]
[SourceDate "2004.12.16"]

1. Nf3 Nf6 2. c4 e6 3. g3 a6 4. Bg2 b5 5. O-O Bb7 6. d3 c5 7. a4 bxc4 8. dxc4
Nc6 9. Nc3 Nb4 10. Bg5 Be7 11. Bxf6 Bxf6 12. e4 d6 13. Qe2 Qc7 14. Rfd1 O-O 15.
Rd2 Rfd8 16. Rad1 Nc6 17. Na2 Rab8 18. h4 Nd4 19. Nxd4 Bxd4 20. b4 Ba8 21. Kh2
e5 22. b5 Qa5 23. Nc1 Qxa4 24. Ra2 Qb4 25. Rxa6 Bb7 26. Ra7 Bc8 27. Qa2 Be6 28.
Ra4 Qb2 29. Qxb2 Bxb2 30. Nb3 g6 31. Bh3 f5 32. Rd2 Bd4 33. Rda2 Rd7 34. Bg2
Rf7 35. exf5 gxf5 36. Bf1 f4 37. Nxd4 cxd4 38. Bh3 fxg3+ 39. Kxg3 Bxh3 40. Kxh3
Rf3+ 41. Kg2 Rf4 42. Ra8 Rff8 43. Rxb8 Rxb8 44. Kf3 Kf7 45. Ke4 Ke6 46. Rb2 Rf8
47. b6 Rf4+ 48. Kd3 Rf3+ 49. Ke2 Rf8 50. Kd3 Kd7 51. Ke4 Kc6 52. b7 Rb8 53. f4
Rxb7 54. Ra2 Rb3 55. Ra6+ Kc5 56. fxe5 Re3+ 57. Kf4 {und wenn man den
Aufzeichnungen trauen darf, gab Weiss auf, ohne die Antwort des Gegners
abzuwarten ...} 0-1

[Event "65. BEM 2011"]
[Site "Dortmund"]
[Date "2011.02.22"]
[Round "8.5"]
[White "Zachos, Ingo"]
[Black "Vojdani, Bahram"]
[Result "1-0"]
[WhiteElo "1999"]
[BlackElo "1596"]
[PlyCount "83"]
[EventDate "2011.??.??"]
[Source "SG Dortmund"]
[SourceDate "2004.12.16"]

1. e4 e5 2. Nf3 Nc6 3. Bb5 a6 4. Ba4 Nf6 5. O-O d6 6. Re1 Be7 7. c3 O-O 8. h3
b5 9. Bb3 Bb7 10. d4 exd4 11. cxd4 Nb8 12. Nbd2 c5 13. d5 Nbd7 14. Nf1 Ne5 15.
N3h2 c4 16. Bc2 Re8 17. f4 Ng6 18. Ng3 Nd7 19. Nf5 Nc5 20. Ng4 Bf6 21. Nxf6+
Qxf6 22. Bd2 Qd8 23. Bc3 f6 24. Qf3 Bc8 25. Nd4 Bb7 26. Qf2 Qb6 27. Ne6 Bc8 28.
f5 Ne5 29. Bd4 Bxe6 30. dxe6 Qc7 31. Qg3 a5 32. Rad1 Rad8 33. Re2 Kh8 34. Kh1
Ncd3 35. Qe3 Nc5 36. Red2 b4 37. Bxc5 dxc5 38. Rxd8 Rxd8 39. Rxd8+ Qxd8 40.
Qxc5 Nd3 41. e7 Qe8 42. Qd5 1-0

[Event "65. BEM 2011"]
[Site "Dortmund"]
[Date "2011.02.22"]
[Round "8.6"]
[White "Grube, Jörg"]
[Black "Simon, Thomas"]
[Result "1-0"]
[WhiteElo "1853"]
[BlackElo "1870"]
[PlyCount "81"]
[EventDate "2011.??.??"]
[Source "SG Dortmund"]
[SourceDate "2004.12.16"]

1. e4 Nf6 2. e5 Nd5 3. d4 d6 4. c4 Nb6 5. exd6 cxd6 6. Nc3 g6 7. Be3 Bg7 8. Qd2
O-O 9. h3 Nc6 10. Nf3 d5 11. b3 e5 12. c5 exd4 13. Nxd4 Qf6 14. O-O-O Nd7 15.
Nxd5 Qe5 16. Bc4 Nxc5 17. f4 Qd6 18. Nb5 Ne4 19. Nxd6 Nxd2 20. Rxd2 Be6 21. Nc7
Bxc4 22. Nxa8 Bxb3 23. axb3 Rxa8 24. Nxb7 a5 25. Rhd1 a4 26. bxa4 Rxa4 27. Rc2
Ra1+ 28. Kd2 Ra6 29. Ke2 h5 30. Nc5 Ra8 31. Ne4 Ne7 32. Rd7 Nf5 33. g4 hxg4 34.
hxg4 Nh6 35. g5 Nf5 36. Rcc7 Re8 37. Kd3 Bb2 38. Bc5 Ng7 39. Rb7 Ba1 40. Rb1 f5
41. gxf6 1-0

[Event "65. BEM 2011"]
[Site "Dortmund"]
[Date "2011.02.22"]
[Round "8.7"]
[White "Schiefelbusch, Dirk"]
[Black "Schütte, Tobias"]
[Result "1-0"]
[WhiteElo "2070"]
[BlackElo "1897"]
[PlyCount "91"]
[EventDate "2011.??.??"]
[Source "SG Dortmund"]
[SourceDate "2004.12.16"]

1. d4 Nf6 2. Nf3 c5 3. c3 b6 4. Bg5 Ne4 5. Bh4 d5 6. e3 g6 7. Nbd2 Nxd2 8. Qxd2
Bg7 9. dxc5 bxc5 10. Bb5+ Bd7 11. Be2 Bc6 12. O-O Qb6 13. Rac1 e5 14. b4 cxb4
15. cxb4 O-O 16. b5 Bb7 17. a4 a5 18. Be7 Re8 19. Bc5 Qf6 20. Ba3 Qb6 21. Rc2
Nd7 22. Rfc1 Nf6 23. Rc7 Ne4 24. Qa2 g5 25. h4 g4 26. Ng5 Nxg5 27. hxg5 g3 28.
Bh5 Red8 29. Bxf7+ Kh8 30. Be7 d4 31. Bxd8 Rxd8 32. exd4 Qxd4 33. Qe2 Qh4 34.
fxg3 Qxg5 35. Bh5 Rd2 36. Rc8+ Bxc8 37. Rxc8+ Rd8 38. Qg4 Qf6 39. Rc6 Qe7 40.
Qe4 Qg5 41. Qh4 Qe3+ 42. Kh2 Rf8 43. Bg6 h6 44. Qe4 Qa7 45. b6 Qb7 46. Bh5 1-0

[Event "65. BEM 2011"]
[Site "Dortmund"]
[Date "2011.02.22"]
[Round "8.8"]
[White "Jähnicke, Karl-Heinz"]
[Black "Dreier, Daniel"]
[Result "0-1"]
[WhiteElo "1694"]
[BlackElo "1841"]
[PlyCount "59"]
[EventDate "2011.??.??"]
[Source "SG Dortmund"]
[SourceDate "2004.12.16"]

1. d4 Nf6 2. c4 g6 3. Nc3 Bg7 4. e4 d6 5. f3 c6 6. Be3 Nbd7 7. Qd2 e5 8. d5
cxd5 9. cxd5 a6 10. Nge2 Nb6 11. Ng3 h5 12. h4 Bd7 13. b3 Rc8 14. Rc1 Nh7 15.
Qf2 Na8 16. Nge2 Nc7 17. Bb6 Qe7 18. g3 O-O 19. Bxc7 Rxc7 20. Bg2 Bh6 21. f4
exf4 22. gxf4 Nf6 23. Bf3 Rfc8 24. Qd4 Ng4 25. Qd2 Qf6 26. Bxg4 Bxg4 27. e5
dxe5 28. Ne4 Rxc1+ 29. Kf2 Qb6+ 30. Kg2 0-1

[Event "65. BEM 2011"]
[Site "Dortmund"]
[Date "2011.02.22"]
[Round "8.9"]
[White "Sonntag, Joachim"]
[Black "Horenburg, Oliver"]
[Result "1/2-1/2"]
[WhiteElo "1826"]
[BlackElo "1785"]
[PlyCount "60"]
[EventDate "2011.??.??"]
[Source "SG Dortmund"]
[SourceDate "2004.12.16"]

1. e4 c5 2. Nf3 g6 3. Nc3 Bg7 4. d4 Nc6 5. d5 Nd4 6. Nxd4 cxd4 7. Ne2 Qb6 8.
Qd3 d6 9. Nf4 Nf6 10. Qb5+ Qxb5 11. Bxb5+ Bd7 12. Bxd7+ Nxd7 13. Bd2 Nc5 14. f3
Rc8 15. b3 O-O 16. O-O Rc7 17. Rac1 Rfc8 18. Nd3 Nxd3 19. cxd3 Rc2 20. a4 h5
21. b4 Kh7 22. f4 f6 23. h4 f5 24. exf5 gxf5 25. Kh2 Kg6 26. Kg3 Kf7 27. Kf3
Bf6 28. g3 Ke8 29. Ke2 Kd7 30. Rfe1 a6 1/2-1/2

[Event "65. BEM 2011"]
[Site "Dortmund"]
[Date "2011.02.22"]
[Round "8.10"]
[White "Gegner, Michael"]
[Black "Hoppe, Dirk"]
[Result "1/2-1/2"]
[WhiteElo "1567"]
[BlackElo "1815"]
[PlyCount "26"]
[EventDate "2011.??.??"]
[Source "SG Dortmund"]
[SourceDate "2004.12.16"]

1. d4 d5 2. e4 dxe4 3. Nc3 Nf6 4. f3 e3 5. Bxe3 e6 6. Bd3 Be7 7. f4 Nc6 8. a3
a6 9. Nf3 Ng4 10. Bg1 Nh6 11. Ne4 Nf5 12. c3 b5 13. Bf2 Bb7 1/2-1/2

[Event "65. BEM 2011"]
[Site "Dortmund"]
[Date "2011.02.22"]
[Round "8.11"]
[White "Dite, Alexander"]
[Black "Ziemek, Gerhard"]
[Result "1/2-1/2"]
[WhiteElo "1593"]
[BlackElo "1638"]
[PlyCount "42"]
[EventDate "2011.??.??"]
[Source "SG Dortmund"]
[SourceDate "2004.12.16"]

1. d4 d5 2. c4 e6 3. Nc3 Nf6 4. Bg5 Be7 5. e3 c6 6. Nf3 Qa5 7. Nd2 dxc4 8. Bxf6
Bxf6 9. Nxc4 Qc7 10. Bd3 O-O 11. O-O b5 12. Nd2 e5 13. Qc2 g6 14. Nxb5 Qd7 15.
dxe5 Bxe5 16. Nd4 Bxd4 17. exd4 Qxd4 18. Nf3 Qf6 19. Rfe1 Be6 20. b3 Bd5 21.
Be4 Nd7 {(=)} 1/2-1/2

[Event "65. BEM 2011"]
[Site "Dortmund"]
[Date "2011.02.22"]
[Round "8.12"]
[White "Raskin, Vitali"]
[Black "Stukemeier, Ralf"]
[Result "1-0"]
[WhiteElo "1749"]
[BlackElo "1779"]
[PlyCount "67"]
[EventDate "2011.??.??"]
[Source "SG Dortmund"]
[SourceDate "2004.12.16"]

1. e4 e5 2. Nf3 Nc6 3. Bb5 a6 4. Ba4 Nf6 5. Nc3 b5 6. Bb3 Be7 7. O-O d6 8. h3
O-O 9. Re1 Bb7 10. Nd5 Nxd5 11. Bxd5 Bf6 12. c3 Rb8 13. d4 Re8 14. Qb3 Na5 15.
Bxf7+ Kf8 16. Qa3 Kxf7 17. Qxa5 exd4 18. Nxd4 Bxe4 19. Bf4 Bb7 20. Rxe8 Qxe8
21. Qxc7+ Kg6 22. Bxd6 Rd8 23. Qxb7 Rxd6 24. Rd1 Bxd4 25. cxd4 Rf6 26. Qc7 Re6
27. Qg3+ Kf7 28. Rc1 Kg8 29. Rc7 Qf8 30. Qg4 Re1+ 31. Kh2 Qd6+ 32. Qg3 Qxd4 33.
Qb3+ Kf8 34. Qf7# 1-0

[Event "65. BEM 2011"]
[Site "Dortmund"]
[Date "2011.02.22"]
[Round "8.13"]
[White "Duschek, Günter"]
[Black "Schulz-Runge, Michael"]
[Result "1/2-1/2"]
[WhiteElo "1609"]
[BlackElo "1766"]
[PlyCount "57"]
[EventDate "2011.??.??"]
[Source "SG Dortmund"]
[SourceDate "2004.12.16"]

1. d4 Nf6 2. Bf4 c5 3. d5 Qa5+ 4. c3 c4 5. e3 Nxd5 6. Bxc4 Nxf4 7. exf4 e6 8.
Nf3 Nc6 9. O-O Qf5 10. Qd2 Be7 11. Bd3 Qf6 12. Qe3 Bd6 13. g3 b6 14. Rd1 Bc5
15. Qd2 Bb7 16. Ba6 {(=)} 16... O-O-O 17. Bxb7+ Kxb7 18. Qe2 h6 19. Nbd2 d5 20.
Nb3 Be7 21. Nfd4 Nxd4 22. cxd4 Rd7 23. Qb5 Rc7 24. Rac1 Rhc8 25. Rxc7+ Rxc7 26.
Na5+ Kb8 27. Nc6+ Kb7 28. Na5+ Kb8 29. Nc6+ 1/2-1/2

[Event "65. BEM 2011"]
[Site "Dortmund"]
[Date "2011.02.22"]
[Round "8.14"]
[White "Schultz, Bernfried"]
[Black "Raabe, Hans-Ulrich"]
[Result "1/2-1/2"]
[WhiteElo "1692"]
[BlackElo "1468"]
[PlyCount "49"]
[EventDate "2011.??.??"]
[Source "SG Dortmund"]
[SourceDate "2004.12.16"]

1. e4 e5 2. Nf3 Nf6 3. Nc3 Nc6 4. d4 Bb4 5. Nxe5 Nxe4 6. Qd3 Nxc3 7. bxc3 Nxe5
8. dxe5 Be7 9. Qg3 g6 10. Bd3 O-O 11. O-O d6 12. Bh6 Re8 13. Rad1 Bh4 14. Qf3
Rxe5 15. Be3 Re8 16. Bd4 c5 17. Be3 Qf6 18. Qf4 Qxf4 19. Bxf4 d5 20. Bb5 Re4
21. Bh6 a6 22. Bd3 Re8 23. Rfe1 Rxe1+ 24. Rxe1 Be6 25. Be3 1/2-1/2

[Event "65. BEM 2011"]
[Site "Dortmund"]
[Date "2011.02.22"]
[Round "8.15"]
[White "Tekin, Baran"]
[Black "Schlepütz, Volker"]
[Result "1-0"]
[WhiteElo "1481"]
[BlackElo "1326"]
[PlyCount "89"]
[EventDate "2011.??.??"]
[Source "SG Dortmund"]
[SourceDate "2004.12.16"]

1. d4 Nf6 2. Nf3 g6 3. c4 Bg7 4. Nc3 d6 5. e4 O-O 6. Be2 Nc6 7. O-O e5 8. d5
Ne7 9. Ne1 a5 10. Nd3 Nd7 11. Be3 f5 12. f3 f4 13. Bf2 g5 14. c5 Nf6 15. cxd6
cxd6 16. Nb5 h5 17. Rc1 g4 18. Nc7 g3 19. hxg3 fxg3 20. Bxg3 Bh6 21. Rc3 Be3+
22. Bf2 Bxf2+ 23. Rxf2 Rb8 24. Qb3 Rf7 25. Ne6 Qe8 26. Qb6 Nc6 27. Rxc6 bxc6
28. Qxb8 cxd5 29. Nc7 Qd7 30. Nxd5 Nxd5 31. exd5 Rg7 32. Bf1 Kh7 33. Qb6 h4 34.
Qe3 h3 35. Qe4+ Rg6 36. g4 Qe7 37. Rh2 Qa7+ 38. Nf2 Bf5 39. Rxh3+ Kg7 40. Qxf5
Qe3 41. Qd7+ Kf6 42. Kg2 Qd2 43. Rh5 Rxg4+ 44. Qxg4 Qxd5 45. Rh6+ 1-0

[Event "65. BEM 2011"]
[Site "Dortmund"]
[Date "2011.02.22"]
[Round "8.16"]
[White "Vogt, Christian"]
[Black "Völler, Lothar"]
[Result "1-0"]
[WhiteElo "1376"]
[BlackElo "1492"]
[PlyCount "201"]
[EventDate "2011.??.??"]
[Source "SG Dortmund"]
[SourceDate "2004.12.16"]

1. d4 c5 2. d5 d6 3. c4 Nf6 4. Nc3 g6 5. g3 Bg7 6. Bg2 O-O 7. Nf3 a6 8. a4 e5
9. e4 Ne8 10. O-O f5 11. Ng5 Nc7 12. exf5 Bxf5 13. a5 h6 14. Nge4 Ne8 15. Be3
Nd7 16. Qd2 g5 17. h3 Ndf6 18. g4 Bg6 19. Rfb1 b6 20. b4 cxb4 21. Rxb4 bxa5 22.
Rba4 Qc7 23. Qa2 Rc8 24. Nd2 e4 25. Rc1 Nd7 26. Ncxe4 Rb8 27. Nb3 Bxe4 28. Bxe4
Ndf6 29. Bg2 Rb4 30. Rxb4 axb4 31. Qxa6 Nd7 32. Qa7 Ne5 33. Qxc7 Nxc7 34. c5
dxc5 35. Rxc5 Na6 36. Ra5 Nb8 37. d6 Nbd7 38. Bd5+ Kh8 39. Ra8 Rxa8 40. Bxa8
Nc4 41. Bd4 Nxd6 42. Ba7 Nb5 43. Be3 Nc3 44. Bb7 Bf6 45. Bc8 Ne5 46. Bc5 Nd3
47. Bd6 Ne4 48. Bf8 Ndxf2 49. Kg2 Nd3 50. Bf5 Nf4+ 51. Kf3 Nc3 52. Bxb4 Nxh3
53. Nd2 Kg7 54. Ne4 Nxe4 55. Kxe4 Bb2 56. Bc5 Nf4 57. Bd4+ Bxd4 58. Kxd4 Kf6
59. Ke4 Ng2 60. Bc8 Nh4 61. Bd7 Ng6 62. Bf5 Nf8 63. Bc8 Ne6 64. Kd5 Ng7 65. Bd7
h5 66. gxh5 Nxh5 {Etwa zu diesem Zeitpunkt unterschreitet die Bedenkzeit von
Weiss die kritische Marge von 2 Minuten, wonach Weiss prinzipiell ein Remis
nach Art. 10.2 haette reklamieren koennen ...} 67. Bg4 Ng3 68. Bh3 Ne2 69. Ke4
Nc3+ 70. Kd4 Nd1 71. Bc8 Nf2 72. Ke3 Nd1+ 73. Kd2 Nb2 74. Kc3 Na4+ 75. Kd3 {
Erste Zuschaueranfragen an den Schiedsrichter ergehen, ob dieser nicht
eingreifen und ein Remis verordnen duerfe. Antwort: Situationen, in denen der
Schiedsrichter von sich aus eingreifen darf oder gar muss, beschreibt das
Regelwerk zur Genuege. Hier jedoch m-u-ss er tatenlos zusehen. Erst, wenn eine
Reklamation eines Spielers erfolgt, trifft der Schiedsrichter eineEntscheidung!
} 75... Ke5 76. Ke3 Nb6 77. Bb7 Nc4+ 78. Kf3 Nd6 79. Ba8 Kf5 80. Kg3 Nf7 81.
Bb7 Nd6 82. Bc6 Nc4 83. Bd5 Ne5 84. Bb7 Kg6 85. Bc8 Nc4 86. Be6 Nd6 87. Bd7 {
Im Gespraech nach der Partie stellt sich heraus, dass Weiss waehrend dieser
Phase, in der sein Faehnchen Sekunden vor dem Fall steht, zwar eine vage
Vorstellung von einer Reklamationsmoeglichkeit hatte, aber irrtuemlich glaubte,
im konkreten Fall nicht reklamieren zu duerfen, weil seine Gegner jaschliesslic
h "Gewinnversuche" unternaehme. Doch selbstverstaendlich sind Gewinnversuche
im regeltechnischen Sinne nur solche Versuche, die zu einer qualitativen
Veraenderung der Stellung fuehren. Macht ein Spieler dagegen keinerlei
Fortschritte (was bei halbwegs verstaendigem Spiel im vorliegenden Fall auch
gar nicht moeglich ist), so reicht der blosse Wunsch, gewinnen zu wollen,
nicht aus.} 87... Kh5 88. Bg4+ Kg6 89. Bd7 Nf5+ 90. Kg4 Ng7 91. Kg3 Kf6 92. Kf3
Ke5 93. Kg3 Ke4 {Schwarz, der bei Beginn der gegnerischen Zeitnot noch
ueberreichlich mit eigener Bedenkzeit ausgestattet war, vergisst ab und zu
seine Uhr zu druecken (Darauf darf niemand - auch kein Schiedsrichter -
hinweisen) und unterschreitet nun ebenfalls die 2 Minuten Restbedenkzeit,
richtet aber seine Aufmerksamkeit nach wie vor fast ausschliesslich auf das
schwebende Faehnchen seines Gegners ...} 94. Bc6+ Kf5 95. Bd7+ Kf6 96. Bc8 Nf5+
97. Kg4 Nh6+ 98. Kf3 Ke5 99. Bd7 Kf6 100. Bc8 Nf5 101. Kg4 {und nach einigen
wenigen nicht mehr notierten Zuegen fiel das Faehnchen von S-c-h-w-a-r-z.
Weiss bekam daraufhin den vollen Punkt zugesprochen, weil mit seinem Laeufer
theoretisch gegen die schwarzen Figuren ein Matt konstruiert werden kann. Dass
Schwarz zuvor seinerseits die "Notbremse" haette ziehen und ein Remis nach Art.
10.2  reklamieren koennen, schien ihm nicht bekannt oder gegenwaertig zu sein.
- Bitter!} 1-0

[Event "65. BEM 2011"]
[Site "Dortmund"]
[Date "2011.02.22"]
[Round "8.17"]
[White "Wangrin, Stefan A"]
[Black "Grawe, Herbert"]
[Result "0-1"]
[WhiteElo "1157"]
[BlackElo "1457"]
[PlyCount "112"]
[EventDate "2011.??.??"]
[Source "SG Dortmund"]
[SourceDate "2004.12.16"]

1. e4 Nc6 2. Nf3 e5 3. Bc4 h6 4. c3 Nf6 5. Qb3 Qe7 6. Qc2 g5 7. g3 Qc5 8. d3 d5
9. Be3 Qd6 10. Bb5 Bd7 11. Nbd2 a6 12. Bxc6 bxc6 13. Nb3 Bg4 14. Ng1 Qe6 15. h3
Bh5 16. f3 Bd6 17. Nc5 Qc8 18. Qa4 O-O 19. Qxc6 d4 20. cxd4 exd4 21. Bxd4 Bxg3+
22. Ke2 Bd6 23. Bxf6 Re8 24. Rf1 Rb8 25. b3 Rb6 26. Qd5 Bxc5 27. Qxc5 Rxf6 28.
Rc1 c6 29. Rc4 Rfe6 30. Ke3 {(=)} 30... Bg6 31. h4 f5 32. hxg5 hxg5 33. Qd4 Re5
34. Rh6 Kg7 35. Rh2 Qc7 36. Rc5 Bf7 37. f4 gxf4+ 38. Kxf4 Kf6 39. Rh6+ Bg6 40.
exf5 Kf7 41. fxg6+ Kg8 42. Rxe5 Rd8 43. Qc4+ Rd5 44. Nf3 Qb8 45. Nd4 Qxe5+ 46.
Kf3 Kg7 47. Rh4 c5 48. Rh7+ Kxg6 49. Rh4 cxd4 50. Qxa6+ Rd6 51. Rg4+ Kh5 52.
Qc8 Rf6+ 53. Kg2 Qe2+ 54. Kh3 Qxd3+ 55. Rg3 Qf1+ 56. Rg2 Qh1+ 0-1

[Event "65. BEM 2011"]
[Site "Dortmund"]
[Date "2011.02.22"]
[Round "8.18"]
[White "Gerke, Dieter"]
[Black "Dirks, Rainer"]
[Result "1-0"]
[WhiteElo "1442"]
[BlackElo "1258"]
[PlyCount "46"]
[EventDate "2011.??.??"]
[Source "SG Dortmund"]
[SourceDate "2004.12.16"]

1. d4 d5 2. Nf3 f6 3. Bf4 h6 4. h4 c6 5. e3 Bg4 6. Bd3 f5 7. c3 Nf6 8. Qc2 e6
9. Ne5 Bh5 10. f3 g5 11. hxg5 hxg5 12. Bxg5 Rg8 13. Rxh5 Be7 14. Bxf5 Qd6 15.
Bg6+ Rxg6 16. Qxg6+ Kd8 17. Nf7+ Kc7 18. Nxd6 Nbd7 19. Nf7 Rg8 20. Qxg8 Nxg8
21. Bf4+ Kb6 22. Nd2 Ndf6 23. Re5 Bd6 1-0

[Event "65. BEM 2011"]
[Site "Dortmund"]
[Date "2011.02.22"]
[Round "8.19"]
[White "Müller, Carsten"]
[Black "Jentzsch, Werner Wilfried"]
[Result "1-0"]
[WhiteElo "1299"]
[BlackElo "1301"]
[PlyCount "71"]
[EventDate "2011.??.??"]
[Source "SG Dortmund"]
[SourceDate "2004.12.16"]

1. d4 e6 2. c4 d5 3. Nc3 Nf6 4. Nf3 Bb4 5. Qa4+ Nc6 6. Bg5 Bxc3+ 7. bxc3 Bd7 8.
cxd5 Ne5 9. Qb3 Nxf3+ 10. exf3 exd5 11. Bxf6 Qxf6 12. Qxd5 Qe6+ 13. Qe4 Bc6 14.
Qxe6+ fxe6 15. Bd3 O-O 16. O-O Rad8 17. Be4 Bxe4 18. fxe4 e5 19. Rad1 exd4 20.
cxd4 Rf6 21. f4 Ra6 22. Rf2 Ra4 23. Rfd2 c5 24. dxc5 Rxd2 25. Rxd2 Rxe4 26. g3
Rc4 27. Rd8+ Kf7 28. Rd7+ Kf6 29. Rxb7 Rxc5 30. Rxa7 h6 31. a4 g5 32. Ra6+ Kf5
33. Rxh6 Kg4 34. fxg5 Ra5 35. g6 Rxa4 36. Rh4+ 1-0

[Event "65. BEM 2011"]
[Site "Dortmund"]
[Date "2011.02.22"]
[Round "8.20"]
[White "Reineke, Tobias"]
[Black "Gennat, Egon L"]
[Result "1-0"]
[WhiteElo "1430"]
[BlackElo "1318"]
[PlyCount "45"]
[EventDate "2011.??.??"]
[Source "SG Dortmund"]
[SourceDate "2004.12.16"]

1. e4 d6 2. d4 Nf6 3. Nc3 g6 4. Bc4 Bg7 5. Nf3 O-O 6. Qe2 Nbd7 7. O-O e5 8.
dxe5 dxe5 9. Rd1 c6 10. Nxe5 b5 11. Nxc6 Qc7 12. Nd5 Nxd5 13. Bxd5 Bb7 14. Qxb5
Nb6 15. Be3 Bxc6 16. Qxc6 Rac8 17. Qxc7 Rxc7 18. Bxb6 axb6 19. c3 b5 20. a4 b4
21. cxb4 Bxb2 22. Rab1 Rc2 23. Bb3 1-0